000 00967cab a2200265 4500
001 WB2904-10
008 090401t1993 xxu||||| |||| 00| 0 eng d
035 _a(Sirsi) u38262
041 _aeng
245 _aDouble glazing law
260 _c1993
350 _a0
490 _aIndependent
_v26 January 1993, 5(1)
520 _aCompulsory double glazing for new homes and restrictions on unnecessary air conditioning are being proposed by the Government in order to save energy and combat emissions of climate-changing pollution.
650 _aBUILT ENVIRONMENT-BUILDING ELEMENTS-COMPLETE BUILDING SERVICES ELEMENTS-COMPLETE HEATING, VENTILATION AND AIR CONDITIONING SYSTEMS
650 _aDOUBLE GLAZING
650 _aENERGY CONSERVATION
650 _aENERGY EFFICIENCY
650 _aENERGY SAVING
650 _aNEW BUILDINGS
650 _aREGULATIONS
690 _aBUILDING AND CONSTRUCTION-ENERGY CONSERVATION
942 _n0
948 _c04/03/1997
999 _c24587
_d24587